Statistics for Every NCAA Division I School in Massachusetts

Click here to take the quiz!

General Stats

  • This quiz has been taken 27 times
    (21 since last reset)
  • The average score is 7 of 9

Answer Stats

AnswerConference% Correct
Boston CollegeACC
100%
HarvardIvy League
100%
UMASSAtlantic 10
100%
Boston UPatriot League
94%
UMASS LowellAmerica East
78%
NortheasternCAA
67%
Holy CrossPatriot League
56%
MerrimackNortheast
56%
StonehillNortheast
50%

Score Distribution

Percentile by Number Answered

Percent of People with Each Score

Your Score History

You have not taken this quiz since the last reset